000 01064cam a22003011 4500
001 gs 65000314
003 DLC
005 20260227111417.0
008 780731s1965 dcuab b f000 0 eng c
010 _ags 65000314
035 _a(OCoLC)4098590
040 _aU.S. Geol. Survey. Libr.
_cCLS
_dOCoLC
_dDLC
042 _apremarc
043 _an-us-ut
050 0 0 _aTC801
_b.U2 no. 1794
051 _ccopy 2.
100 1 _aMower, R. W.
_q(Reed W.),
_d1924-
245 1 0 _aGround-water resources of Pavant Valley, Utah,
_cby R. W. Mower.
260 _aWashington,
_bU.S. Govt. Print. Off.,
_c1965.
300 _av, 78 p.
_billus. and portfolio (2 fold. illus., 8 fold. maps)
_c24 cm.
490 1 _aGeological Survey (U.S.). Water-supply paper
_v1794
500 _aPrepared in cooperation with the Utah State Engineer.
504 _aBibliography: p. 75.
650 0 _aGroundwater
_zUtah
_zPavant Valley.
650 0 _aWater-supply
_zUtah
_zPavant Valley.
710 1 _aUtah.
_bState Engineer's Office.
830 0 _aWater-supply paper (Washington, D.C.) ;
_v1794.
999 _c30072
_d30072